Szczegóły MARC21

Lexikon sprachwissenschaftlicher Termini /

003 -Nazwa inst., której nr kontr. jest w polu 001 [,]
    • @
    • Nazwa instytucji, której n kontrolny jest w polu 001
    • NUKAT
005 -DATA I CZAS OSTATNIEJ MODYFIKACJI [,]
    • @
    • pole kontrolne
    • 20241231112957.0
040 -Instytucja sporządzająca opis [ , ]
    • a
    • Instytucja, która sporządziła opis (NP)
    • KAT U/46MM
    • c
    • Instytucja, która sporządziła rekord (NP)
    • KAT U/46MMs
    • d
    • Instytucja, która zmodyfikowała rekord (P)
    • KAT U/46MM
942 -Rodzaj dokumentu [ , ]
    • c
    • Rodzaj dokumentu
    • Książka
245 -Strefa tytułu i oznaczenia odpowiedzialności [0,0]
    • a
    • Tytuł
    • Lexikon sprachwissenschaftlicher Termini / Find
    • c
    • Pozostałe elementy strefy tytułu i oznaczenia odpowiedzialności (NP)
    • [Hrsg. von Rudi Conrad ; Aut. Brigitte Bartschat et al.].
260 -Strefa adresu wydawniczego [ , ]
    • a
    • Miejsce wydania (P)
    • Leipzig :
    • b
    • Nazwa wydawcy (P)
    • VEB Bibliographisches Institut,
    • c
    • Data wydania (P)
    • 1985.
300 -Strefa opisu fizycznego [ , ]
    • a
    • Określenie formy książki i/lub objętość (NP)
    • 281 s. :
    • b
    • Oznaczenie ilustracji (NP)
    • il. ;
    • c
    • Format (NP)
    • 22 cm.
336 -Typ zawartości [ , ]
    • a
    • Termin opisujący typ zawartości
    • Tekst
    • b
    • Kod określający zawartość
    • txt
    • 2
    • Źródło (terminu i kodu)
    • rdacontent
337 -Typ mediów [ , ]
    • a
    • Tryb odtwarzania
    • Bez urządzenia pośredniczącego
    • b
    • Kod typu mediów
    • n
    • 2
    • Źródło (terminu i kodu)
    • rdamedia
338 -Typ/rodzaj nośnika [ , ]
    • a
    • Hasło opisujące typ nośnika
    • Wolumin
    • b
    • Kod typu nośnika
    • nc
    • 2
    • Źródło (terminu i kodu)
    • rdacarrier
546 -Uwaga dot. języka [ , ]
    • a
    • Uwaga dot. języka
    • Druk w większości tekstu dwuszpaltowy.
080 -Uniwersalna Klasyfikacja Dziesiętna [ , ]
    • a
    • Symbol klasyfikacji
    • 800/801(038)=30
650 -Hasło przedmiotowe [ ,7]
    • a
    • Hasło przedmiotowe
    • Językoznawstwo
    • v
    • Określnik formalny
    • słowniki niemieckie.
    • 2
    • Źródło terminu
    • kaba
    • 9
    • KHW
    • 626923
650 -Hasło przedmiotowe [ ,7]
    • a
    • Hasło przedmiotowe
    • Językoznawstwo
    • x
    • Określnik rzeczowy
    • terminologia.
    • 2
    • Źródło terminu
    • kaba
    • 9
    • KHW
    • 113641
980 -Symbol UKD [ , ]
    • a
    • UKD
    • 800/801(038)=30
700 -Hasło dodatkowe - nazwa osobowa [1, ]
    • a
    • Nazwa osobowa (NP)
    • Bartschat, Brigitte. Find
    • 9
    • KHW
    • 647875
700 -Hasło dodatkowe - nazwa osobowa [1, ]
    • a
    • Nazwa osobowa (NP)
    • Conrad, Rudi. Find
    • e
    • Określenie rodzaju współpracy
    • Wyd.
    • 9
    • KHW
    • 647876
Numer inwentarzowy Sygnatura Data inwentaryzacji Lokalizacja Status udost.
W.131447W.1314472002-07-17BG-3
W.134768W.1314472002-07-17BG2
W.131448W.1314472002-07-17BG-3
W.131449W.1314472002-07-17BG-3
W.131450W.1314472002-07-17BG2
W.131451W.1314472002-07-17BG2
Z.64502Z.645022002-07-17BG1
G.135 2002-07-17BM2
G.327 2002-07-17BM2
G.17308GERM. Językoznawstwo-słowniki 062004-10-22BM1
JO.313 2002-07-17BM2